Largest American Canadian Ethnic Groups - Statistics

General Stats
  • This quiz has been taken 48 times
  • The average score is 7 of 15
Answer Stats
# of Residents Answer % Correct
128,480 Mexican
82%
377,410 American
79%
11,135,965 Canadian
79%
309,485 Jamaican
74%
96,325 Colombian
66%
165,100 Haitian
66%
1,525,565 First Nations
50%
79,130 Inuit
45%
78,965 Trinidadian/Tobagonian
39%
84,275 Guyanese
32%
194,555 Québécois
32%
600,000 Métis
26%
119,670 Acadian
24%
66,215 Salvadoran
21%
70,275 West Indian
5%
No matching quizzes found
Score Distribution
Percent of People with Each Score
Percentile by Number Answered
Your Score History
You have not taken this quiz